000 00968nam a2200289 i 4500
003 DO-SdBNP
005 20250916072817.0
007 ta
008 250915t2025 dr 000 0 spa d
020 _z9789945656411
040 _aDO-SdBNP
_bspa
_cBNPHU
_erda
041 _aspa
_aeng
082 _axxxx
_bR488
_222
100 1 _aRicart Cordero, Raquel
_eautora
_4aut.
_987025
245 1 3 _aLa cara de Dios :
_bthe face of God /
_cRaquel Ricart Cordero ; traducción, José Jeovanne
250 _aPrimera edición
264 _aSanto Domingo :
_bEditorial Santuario,
_c2025.
300 _a41 páginas
_c24 cm.
336 _atexto
_btxt
_2rdacontent
337 _asin mediación
_bn
_2rdamedia
338 _avolumen
_bnc
_2rdacarrier
500 _aIncluye datos biográficos de la autora en la solapa de la cubierta.
590 _aInventariado, 2025/ YL
700 1 _aDíaz Feliciano, José Jeovanne
_etraductor
_4tr.
_972793
910 _aYLockward
942 _2ddc
_cLF2
999 _c59876
_d59876